000 00788nam a2200217 i 4500
001 150244
003 ES-MaACL
005 20230906203432.0
007 t|
008 071029s1978 sp ||||1| spa d
100 1 _aVacchiano, María de los Angeles.
_9112371
245 1 0 _aPsicología activa /
_cMaría de los Angeles Vacchiano ; metodología Luis Gómez Rueda ; redacción María del Carmen C. Vacchiano ; ilustraciones Monserrat y Antonio P. Cabezas.
250 _a2ª ed.
260 _aMadrid :
_bParaninfo,
_c1978.
300 _a279 p. :
_bil. ;
_c30 cm.
700 1 _aGómez Rueda, Luis.
_958147
700 1 _aVacchiano, María del Carmen C.
_9112372
700 1 _aCabezas, Antonio P.
_933199
700 1 _aCabezas, Monserrat.
_933202
852 _aES-MaACL
_jA-8380
_bR.97893
999 _c150244
_d150244